Länder Westeuropas zuordnen - Statistiken

Allgemein
  • Dieses Quiz wurde 95 mal gespielt
  • Das Durchschnittsergebnis liegt bei 21 aus 24
Antworten auf der Karte
Die Antworten werden auf der Karte rot bzw. grün angezeigt, abhängig davon wie oft sie richtig erraten wurden.
 
Antwortstatistiken
Antwort % Korrekt
Irland
99%
Island
96%
Vereinigtes Königreich
96%
Deutschland
93%
Belgien
91%
Dänemark
91%
Finnland
91%
Frankreich
91%
Griechenland
91%
Italien
91%
Luxemburg
91%
Norwegen
91%
Portugal
91%
Spanien
90%
Malta
89%
Niederlande
89%
Schweden
89%
Schweiz
89%
Österreich
86%
Monaco
85%
Liechtenstein
84%
Vatikanstadt
84%
Andorra
79%
San Marino
79%
Keine übereinstimmenden Quizze gefunden
Verteilung der Resultate
Anzahl Personen mit jedem Resultat
Perzentil nach korrekt beantworteten Fragen
Ihre Resultats-Entwicklung
Sie haben dieses Quiz noch nicht gespielt